| 000 | 00762nam a22002175i 4500 | ||
|---|---|---|---|
| 001 | 154745 | ||
| 003 | ES-MaACL | ||
| 005 | 20250817004348.0 | ||
| 008 | 940202s1886 sp |||| | spa d | ||
| 040 |
_aCAM _bspa |
||
| 245 | 0 | 0 |
_aGramática hebrea _b: teórico-práctica / _cpor un Sacerdote de las Escuelas Pías. |
| 260 |
_aMadrid : _b[s.n.], _c1886 ( _fEstablecimiento Tipográfico de los Sucesores de Rivadeneyra) |
||
| 300 |
_a276 p. ; _c24 cm. |
||
| 650 | 4 |
_aLengua hebrea- _xGramática. _914260 |
|
| 700 | 0 |
_aSacerdote de las Escuelas Pías, Un. _9132258 |
|
| 710 | 2 | 1 |
_aSucesores de Rivadeneyra (Madrid) _9134822 |
| 752 |
_aEspaña - _dMadrid |
||
| 852 |
_aES-MaACL _jB-4410 _z-- Enc. tela |
||
| 942 | _2udc | ||
| 999 |
_c154745 _d154745 |
||